Rectificación de la República : escritos políticos, III : 1929-1933 /

Gespeichert in:
Bibliographische Detailangaben
1. Verfasser: Ortega y Gasset, José (autor)
Weitere Verfasser: Garagorri, Paulino (preliminares) (preliminares)
Format: Buch
Sprache:Spanisch
Veröffentlicht: Madrid, España : Revista de Occidente, 1973, c1973
Tags: Tag hinzufügen
Keine Tags, Fügen Sie das erste Tag hinzu!

MARC

LEADER 00000nam^a2200000^a^4500
001 000594188
005 20250521000000.0
009 20260310133022.301
020 |a 84-292-1039-3 
037 |a Acervo Xavier Clavigero 
041 |a ESP 
091 |a FDU. 00115 
100 |a Ortega y Gasset, José  |e (autor) 
240 1 1 |a [Rectificación de la República] 
245 1 0 |a Rectificación de la República :  |b escritos políticos, III : 1929-1933 / 
264 4 |a Madrid, España :  |b Revista de Occidente,  |c 1973, c1973 
300 |a 273 p. 
336 |a texto  |b txt  |2 rdacontenido 
337 |a sin mediación  |b n  |2 rdamedio 
338 |a volumen  |b nc  |2 rdasoporte 
649 |a XX 
700 |a Garagorri, Paulino  |e (preliminares) 
910 |a Fondo Víctor Raúl Durana Valerio S.J. 
920 |a Impresos - Libros 
930 |a Fondos Especiales 
905 |a 116 
901 |a 594188-10  |b IT2  |c ESP  |i D5831  |u 20250521 
901 |a 594188-20  |b IT2  |c ESP  |i D5852  |u 20250521 
902 |a https://opac.biblio.iteso.mx/vufind/Record/000594188